[Event "FB1 1920 TuRa Harksheide  - SV Medizin"]
[Site "?"]
[Date "2019.09.14"]
[Round "1.1"]
[White "Juhasz, Barbara"]
[Black "Unuk, Laura"]
[Result "0-1"]
[WhiteElo "2189"]
[BlackElo "2282"]
[PlyCount "66"]
[EventDate "2019.??.??"]

1. e4 c6 2. Nc3 d5 3. Nf3 dxe4 4. Nxe4 Bf5 5. Ng3 Bg4 6. Bc4 e6 7. h3 Bxf3 8.
Qxf3 Nf6 9. c3 Bd6 10. d4 Qc7 11. O-O Nbd7 12. Nh5 Nxh5 13. Qxh5 Nf6 14. Qe2
O-O-O 15. Bg5 h6 16. Bxf6 gxf6 17. Qf3 Qe7 18. Rfe1 Bc7 19. Bf1 Rhg8 20. g3 Bd6
21. Bg2 f5 22. c4 f4 23. g4 h5 24. d5 hxg4 25. hxg4 Rg5 26. dxc6 Rdg8 27. cxb7+
Kb8 28. Kf1 Rxg4 29. Bh3 R4g5 30. c5 Bc7 31. Rad1 Qf6 32. Qc3 Qxc3 33. bxc3 f3
0-1

[Event "FB1 1920 TuRa Harksheide  - SV Medizin"]
[Site "?"]
[Date "2019.09.14"]
[Round "1.2"]
[White "Antolak, Julia"]
[Black "Nguyen, Ha Thanh"]
[Result "1-0"]
[WhiteElo "2257"]
[BlackElo "2016"]
[PlyCount "69"]
[EventDate "2019.??.??"]

1. e4 c5 2. Nf3 Nc6 3. Nc3 g6 4. d4 cxd4 5. Nxd4 Bg7 6. Be3 Nf6 7. Bc4 Qa5 8.
O-O O-O 9. Bb3 d6 10. h3 Bd7 11. Re1 Rac8 12. Qd2 Rfe8 13. Rad1 Qa6 14. f4 Nxd4
15. Bxd4 Be6 16. Nd5 Nd7 17. Bxg7 Kxg7 18. Kh1 Nc5 19. Re3 Kg8 20. Qf2 Nxb3 21.
axb3 Bxd5 22. exd5 Qb6 23. c4 Rc7 24. Rde1 Qd4 25. f5 f6 26. fxg6 hxg6 27. Qc2
Kf7 28. Rg3 Rg8 29. Qe2 Qh4 30. Re3 Re8 31. c5 dxc5 32. d6 Rd7 33. Re4 Qh7 34.
Rxe7+ Rdxe7 35. Qxe7+ 1-0

[Event "FB1 1920 TuRa Harksheide  - SV Medizin"]
[Site "?"]
[Date "2019.09.14"]
[Round "1.3"]
[White "Reuter, Elisa"]
[Black "Utiatskaja, Irina"]
[Result "0-1"]
[WhiteElo "1862"]
[BlackElo "2154"]
[PlyCount "66"]
[EventDate "2019.??.??"]

1. e4 c5 2. Nf3 d6 3. d4 cxd4 4. Nxd4 Nf6 5. Nc3 a6 6. Be2 e6 7. O-O Nbd7 8. f4
b5 9. Bf3 Bb7 10. a3 Qc7 11. Qe1 h5 12. Kh1 Be7 13. Be3 g6 14. Rd1 e5 15. Nde2
Nc5 16. fxe5 dxe5 17. Bxc5 Qxc5 18. Nc1 O-O 19. Nd3 Qc7 20. Qg3 Bxa3 21. Qe1
Bc5 22. Nb1 Bb6 23. c3 Rad8 24. Qh4 Rd6 25. Nb4 Rfd8 26. Rxd6 Rxd6 27. Nc2 Qc4
28. Re1 Kg7 29. Nba3 Qe6 30. h3 Rd2 31. Qg5 Rd3 32. Nb4 Rxf3 33. gxf3 Qxh3# 0-1

[Event "FB1 1920 TuRa Harksheide  - SV Medizin"]
[Site "?"]
[Date "2019.09.14"]
[Round "1.4"]
[White "Gosciniak, Maria"]
[Black "Mueller-Ludwig, Kristin"]
[Result "0-1"]
[WhiteElo "2132"]
[BlackElo "2061"]
[PlyCount "74"]
[EventDate "2019.??.??"]

1. c4 Nf6 2. Nc3 g6 3. g3 Bg7 4. Bg2 d6 5. Nf3 Nbd7 6. O-O O-O 7. d3 e5 8. Rb1
Re8 9. Nd2 a5 10. a3 c6 11. b4 axb4 12. axb4 Nb6 13. Bb2 d5 14. c5 Nbd7 15. Na4
b5 16. cxb6 Nxb6 17. Nc5 Ba6 18. Ndb3 Bb5 19. Na5 Nfd7 20. Nxd7 Qxd7 21. Qd2
Na4 22. Ba3 e4 23. dxe4 Nc3 24. e3 Bxf1 25. Rxf1 Nxe4 26. Qc1 Nc3 27. Kh1 c5
28. Nb3 cxb4 29. Bxb4 Na2 30. Qd2 Qb5 31. Qxd5 Qxb4 32. Nd4 Bxd4 33. exd4 Ra6
34. h4 Nc3 35. Qd7 Qe7 36. Qg4 h5 37. Qf4 Rf6 0-1

[Event "FB1 1920 TuRa Harksheide  - SV Medizin"]
[Site "?"]
[Date "2019.09.14"]
[Round "1.5"]
[White "Anisheva, Varvara"]
[Black "Brandt, Carina"]
[Result "0-1"]
[WhiteElo "2092"]
[BlackElo "2060"]
[PlyCount "92"]
[EventDate "2019.??.??"]

1. e4 e6 2. d3 d5 3. Nd2 Nf6 4. g3 dxe4 5. dxe4 Bc5 6. Qe2 Nc6 7. c3 a5 8. Nb3
Ba7 9. Be3 e5 10. Bxa7 Rxa7 11. Nf3 O-O 12. Nh4 g6 13. f3 Qe7 14. Qe3 b6 15.
Bc4 a4 16. Nd2 Na5 17. Be2 Be6 18. Qg5 Rd8 19. Qxe5 c5 20. Bb5 Nd7 21. Qf4 c4
22. Qe3 Nc5 23. O-O a3 24. bxa3 Rd3 25. Qe2 Rxc3 26. a4 Nd3 27. f4 Qc5+ 28. Kg2
Rc2 29. Qd1 Rb2 30. Nhf3 Bg4 31. h3 Bxf3+ 32. Kxf3 Qa3 33. Nb3 Rxa2 34. Rxa2
Qxa2 35. Bxc4 Nxc4 36. Qxd3 Qxb3 37. Qxb3 Nd2+ 38. Ke3 Nxb3 39. Rb1 Nc5 40.
Rxb6 Rxa4 41. Rb8+ Kg7 42. Re8 Ra3+ 43. Kf2 Ne6 44. Rb8 h5 45. Rb4 h4 46. gxh4
Nxf4 0-1

[Event "FB1 1920 TuRa Harksheide  - SV Medizin"]
[Site "?"]
[Date "2019.09.14"]
[Round "1.6"]
[White "Rosmait, Emily"]
[Black "Umpfenbach, Carolin"]
[Result "1-0"]
[WhiteElo "1893"]
[BlackElo "2083"]
[PlyCount "93"]
[EventDate "2019.??.??"]

1. e4 b6 2. d4 e6 3. Nf3 Bb7 4. Bd3 c5 5. c4 cxd4 6. Nxd4 Nc6 7. Nc2 Rc8 8. O-O
Qh4 9. Nc3 Ne5 10. Qe2 Nf6 11. f3 Bd6 12. f4 Bc5+ 13. Ne3 Nxd3 14. Qxd3 O-O 15.
Kh1 Bxe3 16. Bxe3 Ng4 17. Bg1 Rc5 18. Rf3 f5 19. Raf1 fxe4 20. Nxe4 Rcf5 21.
Rh3 Bxe4 22. Qxe4 Qe7 23. Bd4 g6 24. Rg3 Nf6 25. Qe3 Nh5 26. Rgf3 Qf7 27. Be5
Ng7 28. c5 bxc5 29. Qxc5 Ne8 30. Qxa7 Qe7 31. a4 R5f7 32. Bc3 Rf5 33. Qd4 Ng7
34. Bb4 Rd5 35. Qxd5 Qxb4 36. Qb3 Qd4 37. Qc2 Rb8 38. b3 Nf5 39. Qd3 Qa7 40.
Rd1 d5 41. g4 Ng7 42. f5 gxf5 43. gxf5 Nxf5 44. Rxf5 exf5 45. Qxd5+ Kg7 46.
Qe5+ Kg6 47. Rg1+ 1-0

[Event "FB1 1920 Hamburger SK - SK Lehrte"]
[Site "?"]
[Date "2019.09.14"]
[Round "1.1"]
[White "Sieber, Fiona"]
[Black "Hoolt, Sarah"]
[Result "1-0"]
[WhiteElo "2228"]
[BlackElo "2331"]
[PlyCount "87"]
[EventDate "2019.??.??"]

1. e4 e6 2. d4 d5 3. Nc3 Nf6 4. e5 Nfd7 5. f4 c5 6. Nf3 Nc6 7. Be3 Be7 8. Qd2
a6 9. dxc5 Nxc5 10. O-O-O Qa5 11. Kb1 b5 12. Nd4 Nxd4 13. Bxd4 b4 14. Ne2 Ne4
15. Qe3 Rb8 16. g4 Bh4 17. Bg2 Bf2 18. Qb3 Bxd4 19. Nxd4 Nc5 20. Qe3 Bd7 21. f5
Na4 22. Nb3 Qd8 23. Rhf1 Bb5 24. Rf2 Qb6 25. Qf4 Rb7 26. Rfd2 Bc4 27. f6 g6 28.
Qxc4 dxc4 29. Bc6+ Rd7 30. Bxd7+ Kd8 31. Bxa4+ Kc8 32. Rd6 Qe3 33. Rc6+ Kb8 34.
Nc5 Qe2 35. Rb6+ Ka7 36. Rxa6+ Kb8 37. c3 b3 38. Rad6 bxa2+ 39. Kxa2 Rc8 40.
Rb6+ Ka7 41. Rb7+ Ka8 42. Bc6 Qxd1 43. Rc7+ Kb8 44. Na6# 1-0

[Event "FB1 1920 Hamburger SK - SK Lehrte"]
[Site "?"]
[Date "2019.09.14"]
[Round "1.2"]
[White "Fuchs, Judith"]
[Black "Newrkla, Katharina"]
[Result "1-0"]
[WhiteElo "2218"]
[BlackElo "2207"]
[PlyCount "85"]
[EventDate "2019.??.??"]

1. d4 Nf6 2. Bf4 d5 3. e3 e6 4. Nf3 c5 5. c3 Nc6 6. Nbd2 Be7 7. Bd3 Nh5 8. Bg3
g6 9. Qe2 Nxg3 10. hxg3 a6 11. Rd1 cxd4 12. exd4 Bf6 13. Ne5 Nxe5 14. dxe5 Bg7
15. Nf3 Qc7 16. Kf1 O-O 17. Re1 Bd7 18. Kg1 f6 19. exf6 Bxf6 20. Ne5 Rae8 21.
Qe3 Bxe5 22. Qxe5 Qxe5 23. Rxe5 Kg7 24. Rh4 Rc8 25. Rb4 b5 26. Rd4 Rc7 27. g4
a5 28. a3 Rb8 29. g5 Rcb7 30. Re3 Kg8 31. Rh4 b4 32. axb4 axb4 33. c4 dxc4 34.
Bxc4 Re8 35. Rhe4 Rb6 36. Rd4 Bb5 37. Bb3 Ba6 38. Rd7 Bc8 39. Rc7 Bb7 40. Rh3
Bd5 41. Rcxh7 Kf8 42. Bxd5 exd5 43. Rh8+ 1-0

[Event "FB1 1920 Hamburger SK - SK Lehrte"]
[Site "?"]
[Date "2019.09.14"]
[Round "1.3"]
[White "Schulze, Lara"]
[Black "Ragger, Anna-Christina"]
[Result "1/2-1/2"]
[WhiteElo "2345"]
[BlackElo "2250"]
[PlyCount "70"]
[EventDate "2019.??.??"]

1. e4 e5 2. Nf3 Nc6 3. Bc4 Nf6 4. d3 h6 5. c3 d6 6. Nbd2 g5 7. Nf1 Bg7 8. Ng3
Ne7 9. O-O O-O 10. d4 Ng6 11. dxe5 dxe5 12. Qxd8 Rxd8 13. Re1 Bg4 14. Nd2 Rd7
15. Nb3 b6 16. Be3 Rad8 17. f3 Be6 18. Bb5 Rd6 19. Kf2 c6 20. Be2 Nf4 21. Bxf4
exf4 22. Nf1 Nd7 23. Red1 Ne5 24. Nd4 c5 25. Nxe6 fxe6 26. Ke1 Kf7 27. Rxd6
Rxd6 28. Rd1 Ke7 29. Rxd6 Kxd6 30. Nd2 Kc6 31. a4 Nf7 32. Bb5+ Kc7 33. Nc4 Ne5
34. Nxe5 Bxe5 35. Ke2 Kd6 1/2-1/2

[Event "FB1 1920 Hamburger SK - SK Lehrte"]
[Site "?"]
[Date "2019.09.14"]
[Round "1.4"]
[White "Genova, Lyubka"]
[Black "Hapala, Elisabeth"]
[Result "1-0"]
[WhiteElo "2230"]
[BlackElo "2137"]
[PlyCount "67"]
[EventDate "2019.??.??"]

1. e4 c5 2. Nf3 e6 3. d4 cxd4 4. Nxd4 a6 5. c4 Nf6 6. Nc3 Qc7 7. Be2 Bb4 8. f3
O-O 9. Bg5 d5 10. cxd5 Bxc3+ 11. bxc3 Qxc3+ 12. Kf2 exd5 13. e5 Nfd7 14. Rc1
Qa5 15. Be7 Re8 16. Bd6 Nc6 17. Nxc6 bxc6 18. Rxc6 Bb7 19. Bc7 Qxa2 20. Rc2 Qa4
21. Qb1 Bc6 22. Rd1 Nxe5 23. Ra2 Qh4+ 24. Kg1 Qe7 25. Qb6 Bb5 26. Bxb5 axb5 27.
Rxa8 Rxa8 28. Bxe5 Qxe5 29. Qxb5 Rd8 30. Qa5 Qd6 31. Rd4 h6 32. g3 Qe5 33.
Qxd8+ Kh7 34. Qxd5 1-0

[Event "FB1 1920 Hamburger SK - SK Lehrte"]
[Site "?"]
[Date "2019.09.14"]
[Round "1.5"]
[White "Duessler, Stefanie"]
[Black "Schmidt, Jade"]
[Result "1/2-1/2"]
[WhiteElo "2108"]
[BlackElo "2054"]
[PlyCount "90"]
[EventDate "2019.??.??"]

1. e4 c5 2. Nf3 d6 3. d4 cxd4 4. Nxd4 Nf6 5. Nc3 Nc6 6. Bg5 e6 7. Qd2 a6 8.
O-O-O Bd7 9. f4 b5 10. Nxc6 Bxc6 11. Bd3 b4 12. Ne2 Qb6 13. Ng3 Ng4 14. Rde1
Nf2 15. Rhf1 Nxd3+ 16. cxd3 h6 17. Bh4 a5 18. Kb1 Bb5 19. Ne2 Qa6 20. Rf3 Rc8
21. Nd4 Ba4 22. Rc1 Rc5 23. f5 e5 24. Nb3 Rxc1+ 25. Nxc1 Qc6 26. b3 Bb5 27. f6
gxf6 28. Bxf6 Rg8 29. g3 Rg6 30. Qc2 Be7 31. Bxe7 Qxc2+ 32. Kxc2 Kxe7 33. Kd2
Ke6 34. Ne2 Bc6 35. Ke3 d5 36. h3 Rg5 37. g4 h5 38. Rf5 Rxf5 39. exf5+ Kf6 40.
d4 hxg4 41. hxg4 e4 42. Kf4 Bb5 43. g5+ Ke7 44. Ke3 Bxe2 45. Kxe2 Kf8 1/2-1/2

[Event "FB1 1920 Hamburger SK - SK Lehrte"]
[Site "?"]
[Date "2019.09.14"]
[Round "1.6"]
[White "Scognamiglio, Stefanie"]
[Black "Diederichs, Luise"]
[Result "1-0"]
[WhiteElo "2070"]
[BlackElo "1970"]
[PlyCount "67"]
[EventDate "2019.??.??"]

1. e4 d6 2. d4 g6 3. Nf3 Bg7 4. h3 a6 5. c3 Nd7 6. Bd3 e6 7. Bg5 Ne7 8. Nbd2 h6
9. Be3 b5 10. a4 bxa4 11. Qxa4 O-O 12. Qa2 Kh7 13. Nb3 f5 14. Na5 Nf6 15. exf5
exf5 16. h4 Nh5 17. O-O-O f4 18. Bd2 Bf5 19. Be2 Qd7 20. Rdg1 Be6 21. Qa3 Nc6
22. Nb3 Rab8 23. c4 Bf5 24. Re1 a5 25. Bc3 a4 26. Nbd2 Rb7 27. Bd1 Ra8 28. b4
Nd8 29. Ne4 Bxe4 30. Rxe4 d5 31. Ne5 Qf5 32. Ree1 dxc4 33. Bc2 Qf6 34. Bxg6+
1-0

[Event "FB1 1920 SC Bad Königshofen 1957 - Rode"]
[Site "?"]
[Date "2019.09.14"]
[Round "1.1"]
[White "Bodnaruk, Anastasia"]
[Black "Girya, Olga"]
[Result "1-0"]
[WhiteElo "2415"]
[BlackElo "2483"]
[PlyCount "79"]
[EventDate "2019.??.??"]

1. e4 c6 2. d4 d5 3. e5 Bf5 4. Nf3 e6 5. Be2 c5 6. O-O Nc6 7. c3 cxd4 8. Nxd4
Nge7 9. Nxf5 Nxf5 10. Bd3 Be7 11. Qe2 Qc7 12. Re1 d4 13. c4 Nb4 14. Bxf5 exf5
15. Na3 d3 16. Qf3 Qd7 17. Bd2 O-O 18. Bc3 Rfd8 19. Red1 a6 20. Rd2 Qe6 21.
Qxb7 Nc6 22. Rxd3 Rxd3 23. Qxa8+ Rd8 24. Qxa6 f4 25. Nc2 f3 26. gxf3 Bc5 27.
Ne1 Qg6+ 28. Ng2 h5 29. Kh1 Bxf2 30. Rf1 Bc5 31. Nf4 Qc2 32. Qxc6 Rd1 33. Re1
Rxe1+ 34. Bxe1 Qxc4 35. Kg2 Qc2+ 36. Kf1 h4 37. b4 Qxh2 38. bxc5 Qxa2 39. Qe4
g5 40. e6 1-0

[Event "FB1 1920 SC Bad Königshofen 1957 - Rode"]
[Site "?"]
[Date "2019.09.14"]
[Round "1.2"]
[White "Shuvalova, Polina"]
[Black "Majdan, Joanna"]
[Result "1-0"]
[WhiteElo "2406"]
[BlackElo "2368"]
[PlyCount "111"]
[EventDate "2019.??.??"]

1. e4 c5 2. Nf3 e6 3. c3 Nf6 4. e5 Nd5 5. d4 cxd4 6. cxd4 Nc6 7. Bc4 d6 8. O-O
Be7 9. Qe2 O-O 10. Rd1 Na5 11. Bd3 Nb4 12. Be4 d5 13. Bd3 Bd7 14. Nc3 Nxd3 15.
Qxd3 a6 16. b3 Rc8 17. Bd2 Nc6 18. h3 b5 19. Rac1 Nb4 20. Qb1 Be8 21. Ne2 Rxc1
22. Rxc1 a5 23. Nf4 Qb6 24. a3 Nc6 25. Qb2 Qa7 26. Be3 Bd8 27. Nd3 f6 28. exf6
Bxf6 29. b4 axb4 30. axb4 Qe7 31. Rc5 Nb8 32. Nfe5 Na6 33. Rc1 Nc7 34. Qa1 Qd6
35. Qa7 Na6 36. Bf4 Bd8 37. Ng6 e5 38. Ngxe5 Nxb4 39. Qa3 Be7 40. Nc6 Qxc6 41.
Rxc6 Nxc6 42. Bd6 b4 43. Qa2 b3 44. Qxb3 Nxd4 45. Qxd5+ Bf7 46. Qc5 Ne6 47. Qb4
Bxd6 48. Qxd6 Rd8 49. Qa3 Rd5 50. Qc3 Nf8 51. Kh2 h5 52. Ne5 Be6 53. f4 Rd8 54.
Qf3 h4 55. Qh5 Rd2 56. Nf3 1-0

[Event "FB1 1920 SC Bad Königshofen 1957 - Rode"]
[Site "?"]
[Date "2019.09.14"]
[Round "1.3"]
[White "Lubbe, Melanie"]
[Black "Savina, Anastasia"]
[Result "0-1"]
[WhiteElo "2264"]
[BlackElo "2346"]
[PlyCount "168"]
[EventDate "2019.??.??"]

1. e4 e5 2. Nf3 Nc6 3. Bc4 Bc5 4. c3 Nf6 5. d3 O-O 6. O-O d5 7. exd5 Nxd5 8. a4
a5 9. Re1 Bg4 10. h3 Bh5 11. Nbd2 Nb6 12. Ne4 Nxc4 13. Nxc5 Nd6 14. g4 Bg6 15.
Nxe5 Nxe5 16. Rxe5 b6 17. Nb3 f5 18. Nd4 Qf6 19. Re6 Qh4 20. g5 Qxh3 21. Qf3
Qg4+ 22. Kf1 Qxf3 23. Nxf3 f4 24. Ne5 Bf5 25. Re7 Nf7 26. Bxf4 c5 27. d4 cxd4
28. cxd4 Rac8 29. d5 Nd6 30. Be3 Bh3+ 31. Ke2 Rc2+ 32. Kd3 Bf5+ 33. Kd4 Rxb2
34. Kc3 Rb4 35. Nc6 Ne4+ 36. Rxe4 Rxe4 37. Bxb6 Bd7 38. Kd3 Rg4 39. Be3 Bxc6
40. dxc6 Rd8+ 41. Ke2 Rc4 42. Bb6 Re8+ 43. Kf1 Re6 44. Bxa5 Rexc6 45. Bd2 Rh4
46. Ra2 Rhc4 47. Be3 Rc2 48. Ra1 Rb2 49. Bc1 Rb4 50. Bd2 Rd4 51. Ra2 Rcc4 52.
a5 Ra4 53. Rb2 Rd7 54. Ke2 Kf7 55. Kf3 Kg6 56. Kg3 Rd3+ 57. Kg2 Rd5 58. Kf3 Kf5
59. Ke2 Re5+ 60. Kf3 Rd5 61. Ke2 Ra3 62. Rc2 Re5+ 63. Kf1 Ke4 64. Ke2 Rd5 65.
Rc4+ Rd4 66. Rc2 Rda4 67. Rc8 Ra2 68. f3+ Kd4 69. Rc7 Rxa5 70. Rxg7 Re5+ 71.
Kd1 Rd5 72. Rc7 Ke5 73. Re7+ Kf5 74. Re2 Rd3 75. Rf2 Rd5 76. Ke1 Rb5 77. Ke2
Kg6 78. Ke3 Rxg5 79. Rh2 Rd5 80. Rg2+ Kf5 81. Rf2 h5 82. Rh2 h4 83. Rf2 Raxd2
84. Rxd2 Rxd2 0-1

[Event "FB1 1920 SC Bad Königshofen 1957 - Rode"]
[Site "?"]
[Date "2019.09.14"]
[Round "1.4"]
[White "Belenkaya, Dina"]
[Black "Movsesian, Julia"]
[Result "1/2-1/2"]
[WhiteElo "2298"]
[BlackElo "2303"]
[PlyCount "38"]
[EventDate "2019.??.??"]

1. e4 e5 2. Nf3 Nc6 3. Nc3 Nf6 4. d4 exd4 5. Nxd4 Bb4 6. Nxc6 bxc6 7. Bd3 d5 8.
Bd2 O-O 9. O-O Bg4 10. Qc1 Re8 11. Nxd5 Nxd5 12. exd5 Bxd2 13. Qxd2 cxd5 14. f3
Be6 15. b4 Qd6 16. Rab1 c5 17. Rfd1 Red8 18. Kh1 Rac8 19. bxc5 Rxc5 1/2-1/2

[Event "FB1 1920 SC Bad Königshofen 1957 - Rode"]
[Site "?"]
[Date "2019.09.14"]
[Round "1.5"]
[White "Hagarova, Zuzana"]
[Black "Obolentseva, Alexandra"]
[Result "1/2-1/2"]
[WhiteElo "2294"]
[BlackElo "2279"]
[PlyCount "119"]
[EventDate "2019.??.??"]

1. e4 c5 2. Nc3 Nc6 3. f4 g6 4. Nf3 Bg7 5. Bc4 e6 6. O-O Nge7 7. d3 d5 8. Bb3
O-O 9. Qe1 Nd4 10. Nxd4 cxd4 11. Nd1 dxe4 12. dxe4 b5 13. Qg3 a5 14. a4 Ba6 15.
Re1 Qc7 16. Nf2 Kh8 17. Nh3 bxa4 18. Bxa4 f6 19. Nf2 Qb6 20. Ra3 f5 21. exf5
Nxf5 22. Qb3 Qxb3 23. Bxb3 Bb5 24. Bxe6 Rfe8 25. Bd2 Ne3 26. Ba2 Nxc2 27. Rxe8+
Bxe8 28. Rxa5 Rxa5 29. Bxa5 Bb5 30. Bd2 d3 31. Nd1 Bd4+ 32. Kf1 Ba6 33. Bd5 Kg7
34. h3 h5 35. g4 hxg4 36. hxg4 Bc8 37. Bf3 Be6 38. Kg2 Kf7 39. Kg3 Na1 40. Bc3
Nb3 41. Nf2 Bxc3 42. bxc3 Nc1 43. Ne4 Ne2+ 44. Kf2 Nxf4 45. Ke3 Nd5+ 46. Kxd3
Ke7 47. Kd4 Nb6 48. Be2 Bc8 49. Ke5 Nd7+ 50. Kf4 Nf8 51. Kg5 Ne6+ 52. Kh6 Nf4
53. Bd1 Bb7 54. Nc5 Bc8 55. Bf3 Kf6 56. Ne4+ Ke5 57. Nd2 Kf6 58. Bd1 Nh3 59.
Bc2 Bxg4 60. Bxg6 1/2-1/2

[Event "FB1 1920 SC Bad Königshofen 1957 - Rode"]
[Site "?"]
[Date "2019.09.14"]
[Round "1.6"]
[White "Schoene, Maria"]
[Black "Korenova, Martina"]
[Result "0-1"]
[WhiteElo "2158"]
[BlackElo "2139"]
[PlyCount "120"]
[EventDate "2019.??.??"]

1. e4 e5 2. Nf3 Nc6 3. Bb5 a6 4. Ba4 Nf6 5. O-O Be7 6. Re1 b5 7. Bb3 d6 8. c3
O-O 9. h3 Nb8 10. d4 Nbd7 11. Nbd2 Bb7 12. Bc2 Re8 13. Nf1 Bf8 14. Ng3 g6 15.
Bg5 h6 16. Bd2 exd4 17. cxd4 c5 18. d5 Bg7 19. Qc1 Kh7 20. Bf4 Nb6 21. Rb1 a5
22. h4 Ng4 23. h5 Nc4 24. Bd3 Nge5 25. Nxe5 dxe5 26. Bxc4 exf4 27. Qxf4 bxc4
28. Qxf7 Rb8 29. hxg6+ Kh8 30. Nf5 Qf6 31. Nxg7 Qxg7 32. f3 Re7 33. Qxg7+ Kxg7
34. Rbc1 Ba6 35. Rc2 Kxg6 36. b3 Rb4 37. Rec1 cxb3 38. axb3 Rxb3 39. Rxc5 Bb5
40. d6 Rd7 41. e5 a4 42. g4 a3 43. Ra1 Be2 44. e6 Rxd6 45. e7 Kf7 46. e8=Q+
Kxe8 47. Re5+ Kd7 48. Rxe2 Rxf3 49. Rg2 Rfd3 50. Raa2 Kc6 51. Kf1 Kb5 52. g5
hxg5 53. Rxg5+ Kb4 54. Rgg2 Kb3 55. Rge2 Rh6 56. Rac2 Rdh3 57. Rc8 Rh1+ 58. Kg2
R6h2+ 59. Kf3 Rxe2 60. Kxe2 a2 0-1

[Event "FB1 1920 SV 1920 Hofheim - SV Weißblau "]
[Site "?"]
[Date "2019.09.14"]
[Round "1.1"]
[White "Cyfka, Karina"]
[Black "Hejazipour, Mitra"]
[Result "1-0"]
[WhiteElo "2413"]
[BlackElo "2251"]
[PlyCount "129"]
[EventDate "2019.??.??"]

1. d4 Nf6 2. c4 e6 3. Nf3 b6 4. g3 Bb7 5. Bg2 Bb4+ 6. Bd2 Be7 7. O-O O-O 8. Nc3
c6 9. Bf4 d5 10. Rc1 dxc4 11. Ne5 Nd5 12. Nxc4 Nxf4 13. gxf4 Nd7 14. e3 Qc7 15.
Qc2 g6 16. Rfd1 Rfd8 17. a3 a5 18. Qb3 Rac8 19. Rd2 g5 20. Ne5 gxf4 21. Nb5 Qb8
22. Nxc6 Bxc6 23. Rxc6 Rxc6 24. Bxc6 Ne5 25. Qc2 Nxc6 26. Qxc6 Rd5 27. Nc3 Rg5+
28. Kf1 Kh8 29. Qe4 Rf5 30. exf4 Bd6 31. Ne2 Bxf4 32. Rd3 Bxh2 33. Rh3 Bd6 34.
Qh4 Qg8 35. Rh1 Rg5 36. Qe4 Qg6 37. Nc3 Rg4 38. Qxg6 fxg6 39. Ne2 Rg5 40. Nc3
b5 41. Ne4 Rf5 42. Nxd6 Rd5 43. Ne4 Rxd4 44. f3 Rd3 45. Kg2 Rb3 46. Rb1 Rd3 47.
Rc1 Kg7 48. Rc3 Rd5 49. Rc7+ Kh6 50. Kg3 g5 51. Rc6 Re5 52. Ra6 b4 53. axb4
axb4 54. Rb6 Kg6 55. Rxb4 h5 56. Nc3 Kf5 57. Rb5 h4+ 58. Kf2 Rxb5 59. Nxb5 Kf4
60. b4 Ke5 61. Nc3 Kd4 62. b5 Kc5 63. Ne4+ Kxb5 64. Nxg5 e5 65. Nf7 1-0

[Event "FB1 1920 SV 1920 Hofheim - SV Weißblau "]
[Site "?"]
[Date "2019.09.14"]
[Round "1.2"]
[White "Roessler, Ulrike"]
[Black "Schulz, Petra"]
[Result "1-0"]
[WhiteElo "2102"]
[BlackElo "2070"]
[PlyCount "61"]
[EventDate "2019.??.??"]

1. e4 e6 2. d4 d5 3. Nc3 Bb4 4. e5 Qd7 5. Qg4 f5 6. Qg3 b6 7. a3 Bxc3+ 8. bxc3
Ba6 9. Ne2 Nc6 10. Nf4 Bxf1 11. Kxf1 O-O-O 12. h4 Nh6 13. Nh5 Rhg8 14. Bxh6
gxh6 15. Qe3 Rg6 16. Rh3 Na5 17. Rg3 Nc4 18. Qc1 Qb5 19. Kg1 Qe8 20. Nf6 Qh8
21. h5 Rxg3 22. fxg3 Qg7 23. Kh2 Rf8 24. Qf4 Rf7 25. g4 Nd6 26. Rf1 Ne4 27.
gxf5 Qg5 28. fxe6 Re7 29. Nxd5 Qxh5+ 30. Kg1 Rxe6 31. Qxe4 1-0

[Event "FB1 1920 SV 1920 Hofheim - SV Weißblau "]
[Site "?"]
[Date "2019.09.14"]
[Round "1.3"]
[White "Germann, Heike"]
[Black "Kushka, Alena"]
[Result "0-1"]
[WhiteElo "2079"]
[BlackElo "2121"]
[PlyCount "88"]
[EventDate "2019.??.??"]

1. d4 Nf6 2. c4 c5 3. d5 e6 4. Nc3 exd5 5. cxd5 d6 6. e4 g6 7. f4 Bg7 8. Bb5+
Nfd7 9. Bd3 Na6 10. Nf3 O-O 11. O-O Rb8 12. Qe2 Re8 13. Qf2 Nb4 14. Bb1 b5 15.
e5 f5 16. a3 Na6 17. Ng5 dxe5 18. Ne6 Qb6 19. Nxg7 Kxg7 20. fxe5 Nxe5 21. h3
Rb7 22. Be3 Rbe7 23. Bg5 Rf7 24. d6 Qxd6 25. Nxb5 Qc6 26. Nc3 Bb7 27. Bc2 Qb6
28. Na4 Qb5 29. Rad1 Nc6 30. Be3 Rfe7 31. Bxc5 Nxc5 32. Nxc5 Ba8 33. Ba4 Qb6
34. Rd2 Re3 35. Rd7+ R8e7 36. Rxe7+ Rxe7 37. b4 Ne5 38. Qb2 Qf6 39. Qd2 Nc4 40.
Qa2 Ne3 41. Rf2 Nxg2 42. Qb2 Qxb2 43. Rxb2 Nf4 44. Rb3 Bd5 0-1

[Event "FB1 1920 SV 1920 Hofheim - SV Weißblau "]
[Site "?"]
[Date "2019.09.14"]
[Round "1.4"]
[White "Winterholler, Christina"]
[Black "Kalies, Grit"]
[Result "1-0"]
[WhiteElo "2068"]
[BlackElo "1976"]
[PlyCount "73"]
[EventDate "2019.??.??"]

1. e4 d6 2. d4 Nf6 3. Nc3 Nbd7 4. g3 e5 5. Bg2 g6 6. Nge2 Bg7 7. O-O O-O 8. h3
c6 9. Be3 h6 10. Qd2 Kh7 11. Rad1 Qe7 12. b3 Ne8 13. f4 exf4 14. gxf4 Nb6 15.
a4 Nc7 16. a5 Nd7 17. Ng3 Re8 18. Rde1 Nf8 19. f5 Bd7 20. Qf2 f6 21. fxg6+ Nxg6
22. Nf5 Qf8 23. Qg3 Bxf5 24. exf5 Ne7 25. Qxd6 Na6 26. Ne4 Red8 27. Qg3 Nb4 28.
Re2 Rd5 29. Nd6 Rxa5 30. Bd2 Ned5 31. Bxd5 Rxd5 32. Bxb4 Rd8 33. Rfe1 Rxd4 34.
Qg6+ Kg8 35. Re8 Rxb4 36. Rxf8+ Rxf8 37. Re7 1-0

[Event "FB1 1920 SV 1920 Hofheim - SV Weißblau "]
[Site "?"]
[Date "2019.09.14"]
[Round "1.5"]
[White "Just, Anita"]
[Black "Heymann-Lobzhanidze, Anna-Luise"]
[Result "1-0"]
[WhiteElo "1874"]
[BlackElo "1943"]
[PlyCount "61"]
[EventDate "2019.??.??"]

1. e4 e5 2. Nf3 Nc6 3. Bc4 Nf6 4. Ng5 d5 5. exd5 Na5 6. Bb5+ c6 7. dxc6 bxc6 8.
Be2 h6 9. Nf3 e4 10. Ne5 Qc7 11. d4 Bd6 12. f4 exf3 13. Nxf3 O-O 14. O-O Re8
15. Nc3 Be6 16. b3 Rad8 17. Bd3 Ng4 18. h3 Nh2 19. Nxh2 Bxh2+ 20. Kh1 Rxd4 21.
Bh7+ Kxh7 22. Qxd4 Be5 23. Qd3+ Kg8 24. Bd2 Rd8 25. Qe2 Nb7 26. Rad1 Bd4 27.
Bf4 Qa5 28. Ne4 Qxa2 29. Rxd4 Rxd4 30. Be5 Rd8 31. Ra1 1-0

[Event "FB1 1920 SV 1920 Hofheim - SV Weißblau "]
[Site "?"]
[Date "2019.09.14"]
[Round "1.6"]
[White "Froehlich-Dill, Astrid"]
[Black "Kluge, Heidemarie"]
[Result "1-0"]
[WhiteElo "1861"]
[BlackElo "1931"]
[PlyCount "123"]
[EventDate "2019.??.??"]

1. d4 Nf6 2. c4 g6 3. Nc3 Bg7 4. e4 d6 5. f3 O-O 6. Be3 Nbd7 7. Qd2 e5 8. d5 b6
9. Bd3 Nc5 10. Bc2 Bd7 11. Nge2 Nh5 12. Bg5 Nf6 13. O-O Qc8 14. b4 Nb7 15. Bh6
a6 16. Ng3 Ne8 17. Bxg7 Kxg7 18. f4 f6 19. f5 g5 20. Nh5+ Kf7 21. h4 Rg8 22.
Rf3 Ng7 23. Nxf6 Kxf6 24. Qxg5+ Kf7 25. Qh6 Qf8 26. Raf1 Ne8 27. Qh5+ Ke7 28.
f6+ Kd8 29. f7 Rh8 30. fxe8=Q+ Qxe8 31. Qg5+ Kc8 32. Rf7 Nd8 33. Re7 Qg6 34.
Qxg6 hxg6 35. Rg7 Be8 36. g3 a5 37. Nb5 Bxb5 38. cxb5 axb4 39. Bb3 Kb7 40. Rc1
Rc8 41. Rxg6 Kb8 42. Rc4 Nb7 43. Bd1 Rh7 44. Bg4 Rf8 45. Bf5 Rhf7 46. g4 Nc5
47. Rxb4 Nd3 48. Rb3 Nc1 49. Rb2 Nd3 50. Rh2 Kb7 51. h5 Nf4 52. Rg5 Ra8 53. h6
Rxa2 54. Rxa2 Nh3+ 55. Kg2 Nxg5 56. Kg3 Rf8 57. Rh2 Nf7 58. h7 Nh8 59. g5 Rf7
60. Kg4 Re7 61. Rh6 Rg7 62. Rf6 1-0

[Event "FB1 1920 Karlsruher SF 1853 - SK Schwäb"]
[Site "?"]
[Date "2019.09.14"]
[Round "1.1"]
[White "Javakhishvili, Lela"]
[Black "Muetsch, Annmarie"]
[Result "1/2-1/2"]
[WhiteElo "2458"]
[BlackElo "2250"]
[PlyCount "108"]
[EventDate "2019.??.??"]

1. d4 Nf6 2. Nf3 g6 3. Bg5 Bg7 4. Nbd2 O-O 5. e4 d5 6. exd5 Nxd5 7. Nb3 Nd7 8.
Qd2 c6 9. c4 N5f6 10. Bd3 Qb6 11. O-O a5 12. Rad1 a4 13. Nc1 e6 14. c5 Qa5 15.
b4 axb3 16. axb3 Nd5 17. Qxa5 Rxa5 18. Bc4 b6 19. Bd2 Ra8 20. b4 bxc5 21. bxc5
Ba6 22. Bxa6 Rxa6 23. Nd3 Rb8 24. Rb1 Rba8 25. Rb7 R6a7 26. Rfb1 h6 27. h4 f6
28. Nf4 Nxf4 29. Bxf4 e5 30. dxe5 Rxb7 31. Rxb7 Nxc5 32. Rb6 fxe5 33. Be3 Ne6
34. Rxc6 Kf7 35. Nd2 Rd8 36. Ne4 Ke7 37. Kh2 Rd7 38. Kg3 Rd8 39. Kg4 h5+ 40.
Kg3 Kf7 41. Ra6 Rd7 42. Kf3 Bf6 43. Nxf6 Kxf6 44. Ke4 Rb7 45. Bb6 Rd7 46. Bc5
Rc7 47. Be3 Rb7 48. Bb6 Rd7 49. Ra7 Rxa7 50. Bxa7 g5 51. g3 gxh4 52. gxh4 Nf4
53. Bb8 Ng6 54. Bc7 Ke6 1/2-1/2